[Event "European Women Championship-2011"]
[Site "Tbilisi"]
[Date "2011.05.07"]
[Round "1"]
[White "Kosintseva, Nadezhda"]
[Black "Khurtsilava, Inga"]
[Result "1-0"]
[WhiteElo "2567"]
[BlackElo "2286"]
[PlyCount "85"]
[EventDate "2011.??.??"]

1. e4 c6 2. d4 d5 3. e5 Bf5 4. Nd2 e6 5. Nb3 c5 6. dxc5 Bxc5 7. Nxc5 Qa5+ 8. c3
Qxc5 9. Be3 Qc7 10. f4 Ne7 11. Nf3 Nd7 12. Nd4 a6 13. Be2 Be4 14. O-O g6 15.
Rc1 Nf5 16. Bf2 h5 17. Nxf5 gxf5 18. Bxh5 b5 19. Be2 f6 20. Bg3 Ke7 21. exf6+
Nxf6 22. b3 Rag8 23. Qd4 Kf7 24. a4 bxa4 25. bxa4 Qb7 26. Rf2 Rxg3 27. hxg3 Kg6
28. Rff1 Qh7 29. Kf2 Qh2 30. Rg1 Rb8 31. Qe5 Rb2 32. Qxe6 Bd3 33. Rh1 Qxh1 34.
Rxh1 Rxe2+ 35. Qxe2 Bxe2 36. Kxe2 Ne4 37. Rc1 Kf6 38. Ke3 Nc5 39. Rb1 Nxa4 40.
Kd4 a5 41. Rb5 Ke6 42. Rxa5 Nb2 43. Ra6+ 1-0

[Event "European Women Championship-2011"]
[Site "Tbilisi"]
[Date "2011.05.07"]
[Round "1"]
[White "Aginian, Nelly"]
[Black "Kosintseva, Tatiana"]
[Result "0-1"]
[WhiteElo "2284"]
[BlackElo "2559"]
[PlyCount "78"]
[EventDate "2011.??.??"]

1. e4 c5 2. Nf3 d6 3. d4 cxd4 4. Nxd4 Nf6 5. Nc3 e6 6. Be3 Be7 7. f3 O-O 8. Qd2
e5 9. Nde2 Be6 10. Nd5 Nxd5 11. exd5 Bf5 12. c4 Nd7 13. Nc3 Bg6 14. Be2 f5 15.
O-O a6 16. Kh1 Rc8 17. Rac1 Nf6 18. b4 Nh5 19. Rfd1 Bh4 20. Bf1 f4 21. Bf2 Ng3+
22. Bxg3 fxg3 23. Qe2 Bg5 24. Ra1 gxh2 25. Ne4 Bxe4 26. Qxe4 Rf4 27. Qe1 Bh4
28. Qe3 Bg5 29. Qe1 e4 30. fxe4 Qb6 31. Bd3 Rcf8 32. Qe2 Qd4 33. Rab1 Bd8 34.
Qh5 Rh4 35. Qe2 Bb6 36. c5 dxc5 37. e5 Qg1+ 38. Rxg1 hxg1=Q+ 39. Kxg1 c4+ 0-1

[Event "European Women Championship-2011"]
[Site "Tbilisi"]
[Date "2011.05.07"]
[Round "1"]
[White "Dzagnidze, Nana"]
[Black "Bulmaga, Irina"]
[Result "1-0"]
[WhiteElo "2557"]
[BlackElo "2284"]
[PlyCount "85"]
[EventDate "2011.??.??"]

1. d4 Nf6 2. c4 e6 3. Nf3 d5 4. cxd5 exd5 5. Nc3 Be7 6. Bg5 c6 7. Qc2 g6 8. e3
Bf5 9. Bd3 Bxd3 10. Qxd3 Nbd7 11. O-O O-O 12. Nd2 Re8 13. Rab1 a5 14. f3 Nh5
15. Bxe7 Qxe7 16. Rbe1 Qh4 17. e4 Nf4 18. Qe3 f5 19. g3 Nh3+ 20. Kg2 Qh5 21.
Qd3 fxe4 22. fxe4 Qg4 23. Qf3 h5 24. Qxg4 hxg4 25. exd5 Rxe1 26. Rxe1 Rf8 27.
Nde4 cxd5 28. Nxd5 Kh8 29. Ne3 Re8 30. Nxg4 Ng5 31. Ne5 Nxe4 32. Nxd7 Rd8 33.
Ne5 Rxd4 34. Nxg6+ Kg7 35. Nf4 Kf6 36. Kf3 Ng5+ 37. Kg4 Rd2 38. h4 Nf7 39. Re6+
Kg7 40. Rb6 Ne5+ 41. Kf5 Nc4 42. Rxb7+ Kh6 43. Rc7 1-0

[Event "European Women Championship-2011"]
[Site "Tbilisi"]
[Date "2011.05.07"]
[Round "1"]
[White "Tsatsalashvili, Keti"]
[Black "Muzychuk, Anna"]
[Result "1/2-1/2"]
[WhiteElo "2280"]
[BlackElo "2537"]
[PlyCount "92"]
[EventDate "2011.??.??"]

1. d4 f5 2. e4 fxe4 3. Nc3 g6 4. Nxe4 d5 5. Ng3 Bg7 6. h4 Qd6 7. h5 Nc6 8. c3
e5 9. hxg6 hxg6 10. dxe5 Qxe5+ 11. Qe2 Rxh1 12. Nxh1 Bg4 13. f3 Be6 14. Bf4
Qxf4 15. Qxe6+ Kf8 16. Ne2 Qh6 17. Nf2 Nf6 18. Ng4 Nxg4 19. Qxg4 Re8 20. Kd1
Ne5 21. Qf4+ Qxf4 22. Nxf4 Bh6 23. Nh3 Be3 24. f4 Ng4 25. Bd3 Kg7 26. Kc2 c5
27. Be2 Nf6 28. Bf3 b6 29. Re1 d4 30. Kd3 b5 31. cxd4 c4+ 32. Kc2 Bxd4 33. Rd1
Bc5 34. Bc6 Re2+ 35. Rd2 Rxd2+ 36. Kxd2 a6 37. Ng5 Bd6 38. g3 Nh5 39. Ne4 Bb8
40. Ke2 g5 41. fxg5 Nxg3+ 42. Nxg3 Bxg3 43. Bb7 a5 44. Ba6 Be5 45. Bxb5 Bxb2
46. Bxc4 Bc1 1/2-1/2

[Event "European Women Championship-2011"]
[Site "Tbilisi"]
[Date "2011.05.07"]
[Round "1"]
[White "Foisor, Mihaela-Veronica"]
[Black "Cramling, Pia"]
[Result "0-1"]
[WhiteElo "2220"]
[BlackElo "2468"]
[PlyCount "60"]
[EventDate "2011.??.??"]

1. d4 Nf6 2. c4 e6 3. Nc3 Bb4 4. e3 d5 5. Nf3 O-O 6. a3 Be7 7. Be2 dxc4 8. Bxc4
c5 9. dxc5 Qxd1+ 10. Kxd1 Bxc5 11. b4 Be7 12. Bb2 a5 13. b5 a4 14. Ke2 Nbd7 15.
Rhd1 Nb6 16. Ba2 Bd7 17. Ne5 Rfc8 18. Nxd7 Nbxd7 19. Rac1 Rc5 20. Rd4 Nb6 21.
Kd1 Ne8 22. Rg4 h5 23. Rd4 Nd6 24. Rb4 Ndc4 25. Bxc4 Nxc4 26. Ke2 Rcc8 27. Rxc4
Rxc4 28. Na2 Rxc1 29. Bxc1 Ra5 30. Nc3 Bf6 0-1

[Event "European Women Championship-2011"]
[Site "Tbilisi"]
[Date "2011.05.07"]
[Round "1"]
[White "Mkrtchian, Lilit"]
[Black "Yildiz Betul, Cemre"]
[Result "1-0"]
[WhiteElo "2468"]
[BlackElo "2219"]
[PlyCount "66"]
[EventDate "2011.??.??"]

1. Nf3 d5 2. e3 c5 3. b3 Nf6 4. Bb2 e6 5. d4 Nc6 6. Bd3 Be7 7. Nbd2 O-O 8. a3
b6 9. Ne5 Nxe5 10. dxe5 Ne8 11. h4 f5 12. h5 Nc7 13. Qe2 Rb8 14. c4 Bb7 15. O-O
Qe8 16. f4 Rd8 17. Rad1 Qc6 18. Bb1 a5 19. a4 g6 20. hxg6 hxg6 21. Bd3 Kf7 22.
Nf3 Rh8 23. Qf2 dxc4 24. Bxc4 Ba6 25. Rd6 Qb7 26. Rfd1 Bxc4 27. bxc4 Na6 28.
Ng5+ Bxg5 29. fxg5 Qe7 30. Qd2 Qxg5 31. Rxd8 Rxd8 32. Qxd8 Qxe3+ 33. Kf1 Qh3
1-0

[Event "European Women Championship-2011"]
[Site "Tbilisi"]
[Date "2011.05.07"]
[Round "1"]
[White "Khmiadashvili, Tamar"]
[Black "Ushenina, Ana"]
[Result "0-1"]
[WhiteElo "2204"]
[BlackElo "2468"]
[PlyCount "92"]
[EventDate "2011.??.??"]

1. Nf3 Nf6 2. b3 g6 3. Bb2 Bg7 4. e3 c5 5. Be2 O-O 6. O-O d5 7. Qc1 Bg4 8. Re1
Nc6 9. d3 Qd6 10. Nbd2 e5 11. e4 d4 12. Nc4 Qc7 13. a4 b6 14. h3 Bd7 15. Nh2
Kh8 16. Qg5 Ng8 17. Bc1 a6 18. a5 Nxa5 19. Nxa5 bxa5 20. Qg3 f5 21. exf5 gxf5
22. Bg5 Rab8 23. Qh4 a4 24. bxa4 Rb2 25. Rec1 Qa5 26. Nf1 f4 27. Bf3 Bf5 28.
Nh2 Qc3 29. Bd1 c4 30. dxc4 Bxc2 31. Bxc2 Rxc2 32. Rd1 Qxc4 33. Nf3 Qc7 34. Nd2
h6 35. Ne4 Re2 36. f3 Qc2 37. Qg4 hxg5 38. Rac1 Qb3 39. Qh5+ Nh6 40. Qxg5 Nf5
41. Qh5+ Bh6 42. Nd6 Rxg2+ 43. Kxg2 Qa2+ 44. Kg1 Rg8+ 45. Qg4 Rxg4+ 46. hxg4
Ne3 0-1

[Event "European Women Championship-2011"]
[Site "Tbilisi"]
[Date "2011.05.07"]
[Round "1"]
[White "Semenova, Elena"]
[Black "Hoang, Thanh Trang"]
[Result "1/2-1/2"]
[WhiteElo "2188"]
[BlackElo "2456"]
[PlyCount "103"]
[EventDate "2011.??.??"]

1. e4 e6 2. d4 d5 3. Nc3 Nf6 4. Bg5 Bb4 5. exd5 exd5 6. Qf3 Nbd7 7. O-O-O Bxc3
8. Qe3+ Qe7 9. Qxc3 Ne4 10. Bxe7 Nxc3 11. Re1 Ne4 12. f3 Kxe7 13. fxe4 dxe4 14.
Rxe4+ Kf8 15. Nf3 Nb6 16. Re1 Bf5 17. Be2 g6 18. Ne5 Kg7 19. Rhf1 Rad8 20. Nxf7
Kxf7 21. g4 Rxd4 22. gxf5 g5 23. Bh5+ Kg7 24. Re7+ Kh6 25. Be2 Nd5 26. Re6+ Kg7
27. Bf3 Rf8 28. Bxd5 Rxd5 29. f6+ Kg6 30. f7+ Kg7 31. Re7 Rc5 32. c3 Rc6 33.
Kc2 b6 34. Kd3 a5 35. a4 Rd6+ 36. Ke3 c5 37. Rb7 h5 38. Rf2 h4 39. h3 Re6+ 40.
Kd3 Kg6 41. Rd7 Rf6 42. Rxf6+ Kxf6 43. Ke4 g4 44. hxg4 Rxf7 45. Rxf7+ Kxf7 46.
c4 Kf6 47. Kf4 Kg6 48. Kf3 Kg5 49. b3 Kf6 50. Kg2 Kg6 51. Kh2 Kh6 52. Kg2
1/2-1/2

[Event "European Women Championship-2011"]
[Site "Tbilisi"]
[Date "2011.05.07"]
[Round "1"]
[White "Gaponenko, Inna"]
[Black "Tereladze, Sopiko"]
[Result "1-0"]
[WhiteElo "2455"]
[BlackElo "2177"]
[PlyCount "63"]
[EventDate "2011.??.??"]

1. e4 c5 2. Nf3 d6 3. d4 cxd4 4. Nxd4 Nf6 5. Nc3 a6 6. Be3 e5 7. Nb3 Be6 8. Qd2
Be7 9. O-O-O b5 10. f4 Nbd7 11. Kb1 O-O 12. f5 Bc4 13. Rg1 Rc8 14. g4 b4 15.
Nd5 Nxd5 16. exd5 a5 17. g5 Kh8 18. Rg4 Bxf1 19. Rxf1 a4 20. Nc1 b3 21. cxb3
axb3 22. Nxb3 e4 23. Rxe4 Ne5 24. Bf4 f6 25. Nd4 Qb6 26. Bxe5 dxe5 27. Ne6 Rfe8
28. g6 Qb5 29. Rd1 hxg6 30. fxg6 f5 31. Qe3 Bg5 32. Qxg5 1-0

[Event "European Women Championship-2011"]
[Site "Tbilisi"]
[Date "2011.05.07"]
[Round "1"]
[White "Abdula, Khayala"]
[Black "Javakhishvili, Lela"]
[Result "0-1"]
[WhiteElo "2168"]
[BlackElo "2454"]
[PlyCount "136"]
[EventDate "2011.??.??"]

1. e4 c5 2. Nf3 Nc6 3. d4 cxd4 4. Nxd4 Qc7 5. Nc3 e6 6. Be3 a6 7. Qd2 Nf6 8.
O-O-O Nxd4 9. Bxd4 e5 10. Be3 Bb4 11. f3 d6 12. a3 Bxc3 13. Qxc3 Qxc3 14. bxc3
Ke7 15. Bc4 Be6 16. Bb3 Rac8 17. Rd3 h6 18. Rhd1 Rc6 19. Kb2 Rhc8 20. g4 Ne8
21. h4 Nc7 22. Bf2 b5 23. g5 hxg5 24. hxg5 Bc4 25. Re3 Ne6 26. Rg1 Rh8 27. Rg4
Rh2 28. Bg1 Rh5 29. Bf2 Rc8 30. Re1 Nxg5 31. Rxg5 Rxg5 32. Bh4 f6 33. Bxg5 fxg5
34. Bxc4 bxc4 35. Rg1 Kf6 36. Rg4 Rh8 37. Rg3 Rh1 38. Ka2 Rf1 39. Kb2 a5 40. a4
g4 41. fxg4 Rf4 42. g5+ Ke6 43. Rh3 Rxe4 44. Rh8 Rg4 45. Ra8 Rxg5 46. Rxa5 Rh5
47. Ra8 g5 48. a5 Rh7 49. a6 Kf5 50. a7 Rf7 51. Ka3 g4 52. Kb4 g3 53. Kxc4 Kf4
54. Kd5 e4 55. Ke6 g2 56. Rg8 Rxa7 57. Rxg2 Kf3 58. Rg8 Rc7 59. Kd5 e3 60. Kxd6
Rxc3 61. Rf8+ Kg2 62. Kd5 e2 63. Re8 Rxc2 64. Kd4 Kf1 65. Kd3 Ra2 66. Rf8+ Ke1
67. Rb8 Ra3+ 68. Kc2 Kf2 0-1

[Event "European Women Championship-2011"]
[Site "Tbilisi"]
[Date "2011.05.07"]
[Round "1"]
[White "Pogonina, Natalija"]
[Black "Shaydullina, Sandugach"]
[Result "1/2-1/2"]
[WhiteElo "2488"]
[BlackElo "2160"]
[PlyCount "82"]
[EventDate "2011.??.??"]

1. e4 e5 2. Nf3 Nc6 3. Bb5 Nf6 4. d3 Bc5 5. c3 O-O 6. O-O d5 7. Qc2 dxe4 8.
dxe4 Qe7 9. Bg5 Bd7 10. Nbd2 h6 11. Bh4 g5 12. Bg3 Nh5 13. b4 Nxg3 14. hxg3 Bb6
15. Bxc6 Bxc6 16. Nc4 f6 17. a4 a6 18. Qe2 Rad8 19. Nfd2 Qd7 20. Nxb6 Qxd2 21.
Qc4+ Kh8 22. b5 axb5 23. axb5 cxb6 24. bxc6 bxc6 25. Qxc6 Qd6 26. Qb5 Rc8 27.
Rfd1 Qc6 28. Qb4 Rf7 29. Rac1 Qc5 30. Qb3 Kg7 31. c4 Rfc7 32. Rd5 Qc6 33. Qb4
Rd7 34. Rcd1 Rf7 35. Rc1 Rd7 36. Rcd1 Rf7 37. Rc1 Rd7 38. Rxd7+ Qxd7 39. Qxb6
Rxc4 40. Rxc4 Qd1+ 41. Kh2 Qh5+ 1/2-1/2

[Event "European Women Championship-2011"]
[Site "Tbilisi"]
[Date "2011.05.07"]
[Round "1"]
[White "Melia, Salome"]
[Black "Khazhomia, Salome"]
[Result "1-0"]
[WhiteElo "2444"]
[BlackElo "2152"]
[PlyCount "89"]
[EventDate "2011.??.??"]

1. e4 c6 2. d4 g6 3. Nc3 Bg7 4. f4 d5 5. e5 Nh6 6. Nf3 Bg4 7. h3 Bxf3 8. Qxf3
Qb6 9. Ne2 Na6 10. g4 f5 11. c3 Nc7 12. Ng3 e6 13. Rh2 a5 14. a4 Bf8 15. Bd3
O-O-O 16. Kf1 Be7 17. Rb1 Na6 18. Be3 c5 19. Ne2 c4 20. Bc2 Qc6 21. Kg2 Rdf8
22. g5 Nf7 23. Rhh1 h6 24. h4 hxg5 25. fxg5 Rh7 26. Nf4 Rg8 27. b3 Nd8 28. bxc4
Qxc4 29. Bb3 Qc7 30. Nxe6 Nxe6 31. Bxd5 Nd8 32. Bxg8 Rg7 33. Bd5 Bf8 34. Bf4
Qd7 35. Rb6 Qxa4 36. Rhb1 Qc2+ 37. Qf2 Qd3 38. Bf3 Rc7 39. Bd2 Bb4 40. Rd1 Bxc3
41. Bf4 Qc4 42. e6 Re7 43. d5 Nc5 44. d6 Rxe6 45. Qxc5+ 1-0

[Event "European Women Championship-2011"]
[Site "Tbilisi"]
[Date "2011.05.07"]
[Round "1"]
[White "Cherednichenko, Elena"]
[Black "Khurtsidze, Nino"]
[Result "0-1"]
[WhiteElo "2147"]
[BlackElo "2436"]
[PlyCount "59"]
[EventDate "2011.??.??"]

1. d4 Nf6 2. Nf3 e6 3. e3 c5 4. Bd3 b6 5. c4 Be7 6. Nc3 O-O 7. O-O cxd4 8. exd4
d5 9. b3 Bb7 10. Ne5 Nc6 11. Be3 Rc8 12. a3 dxc4 13. bxc4 Nxe5 14. dxe5 Ng4 15.
Bf4 Bc5 16. Nb5 f5 17. exf6 Nxf2 18. Rxf2 Qxf6 19. g3 e5 20. Raa2 exf4 21. Kf1
Qc6 22. Qh5 g6 23. Qd5+ Qxd5 24. cxd5 Bxd5 25. Rac2 fxg3 26. hxg3 a6 27. Nc3
Bxf2 28. Nxd5 Bxg3+ 29. Kg1 Rxc2 30. Bxc2 0-1

[Event "European Women Championship-2011"]
[Site "Tbilisi"]
[Date "2011.05.07"]
[Round "1"]
[White "Houska, Jovanka"]
[Black "Isgandarova, Khayala"]
[Result "0-1"]
[WhiteElo "2429"]
[BlackElo "2143"]
[PlyCount "90"]
[EventDate "2011.??.??"]

1. d4 g6 2. Nf3 Bg7 3. c4 d6 4. g3 Nd7 5. Bg2 e5 6. O-O Ne7 7. Nc3 O-O 8. e3
Re8 9. b3 Nc6 10. Bb2 e4 11. Nd2 f5 12. a3 a5 13. Qc2 Nf6 14. Rfc1 h5 15. Ne2
h4 16. Bc3 d5 17. b4 axb4 18. axb4 Rxa1 19. Rxa1 hxg3 20. hxg3 dxc4 21. b5 Ne7
22. Nxc4 Qd5 23. Ne5 g5 24. Bf1 Be6 25. Bb4 Qd8 26. Nc3 Ned5 27. Ba3 Nxc3 28.
Qxc3 Nd5 29. Qc2 Qf6 30. Bc4 Qh6 31. Kg2 Bxe5 32. Rh1 Qg6 33. dxe5 f4 34. exf4
gxf4 35. Re1 Ne3+ 36. fxe3 Qxg3+ 37. Kf1 f3 38. Rc1 Bxc4+ 39. Qxc4+ Kh8 40. Qc2
Rg8 41. Qf2 Qh3+ 42. Ke1 Rg2 43. Qf1 Qh2 44. Rxc7 Rg1 45. Qxg1 Qe2# 0-1

[Event "European Women Championship-2011"]
[Site "Tbilisi"]
[Date "2011.05.07"]
[Round "1"]
[White "Alexanian, Nelli"]
[Black "Zhukova, Natalia"]
[Result "1-0"]
[WhiteElo "2141"]
[BlackElo "2428"]
[PlyCount "121"]
[EventDate "2011.??.??"]

1. d4 d5 2. c4 e6 3. Nc3 c5 4. cxd5 exd5 5. Nf3 Nc6 6. g3 c4 7. Bg2 Bb4 8. O-O
Nge7 9. e4 dxe4 10. Nxe4 O-O 11. a3 Ba5 12. Be3 Bg4 13. Qa4 Nf5 14. Qxc4 Rc8
15. Qa4 Bxf3 16. Bxf3 Ncxd4 17. Bxd4 Nxd4 18. Bg2 b5 19. Qd1 Rc2 20. b4 Bb6 21.
Qh5 g6 22. Qh6 Nf5 23. Qh3 h5 24. Rad1 Bd4 25. g4 hxg4 26. Qxg4 Qb6 27. Qh3 Kg7
28. Qd3 Ra2 29. Bh3 Rd8 30. Qf3 Nh4 31. Qf4 Rh8 32. Ng5 Bf6 33. Rd7 Bxg5 34.
Qxf7+ Kh6 35. Qg7+ Kh5 36. Qxh8+ Bh6 37. Qe5+ g5 38. Qe8+ Qg6 39. Qe3 g4 40.
Qc5+ Bg5 41. Bg2 Rxa3 42. Rd6 Qg7 43. Qxb5 Qf8 44. Qd7 Qe7 45. Qxe7 Bxe7 46.
Rd5+ Kh6 47. Rc1 Kg7 48. Rd7 Kf6 49. b5 Nf5 50. Be4 Nd6 51. Rc6 Ke6 52. Bf5+
Kxf5 53. Rxe7 Nxb5 54. Rc5+ Kf6 55. Re4 Nd6 56. Rxg4 a5 57. h4 a4 58. h5 Nf7
59. Rg6+ Ke7 60. Rc7+ Kf8 61. Rf6 1-0

[Event "European Women Championship-2011"]
[Site "Tbilisi"]
[Date "2011.05.07"]
[Round "1"]
[White "Hairapetian, Anna"]
[Black "Bodnaruk, Anastasia"]
[Result "1/2-1/2"]
[WhiteElo "2128"]
[BlackElo "2419"]
[PlyCount "131"]
[EventDate "2011.??.??"]

1. e4 c5 2. Nf3 d6 3. d4 cxd4 4. Nxd4 Nf6 5. Nc3 a6 6. Be2 e5 7. Nb3 Be7 8. O-O
O-O 9. Re1 Be6 10. Bf3 Nbd7 11. a4 Qc7 12. Be3 Rfd8 13. a5 b5 14. axb6 Nxb6 15.
Na5 Nc4 16. Nxc4 Bxc4 17. Na4 Rab8 18. b3 d5 19. exd5 Bxd5 20. Bxd5 Nxd5 21.
Qe2 a5 22. Bd2 Bf6 23. Rad1 Rd7 24. c4 Nb4 25. Be3 Nc6 26. Rd5 Nb4 27. Bb6 Qc6
28. Rxd7 Qxd7 29. Rd1 Qf5 30. Bc7 Ra8 31. Nb6 Re8 32. Nd5 Nc6 33. h3 e4 34. Qg4
Qxg4 35. Nxf6+ gxf6 36. hxg4 Rc8 37. Bb6 Rb8 38. c5 Kg7 39. Rd7 Kg6 40. Kf1 Ra8
41. Rd6 Rc8 42. Ke2 Ne5 43. f3 exf3+ 44. gxf3 Rc6 45. f4 Rxd6 46. cxd6 Nd7 47.
Bxa5 f5 48. g5 f6 49. Bd8 fxg5 50. Bxg5 Kf7 51. Kf3 Ke6 52. Be7 Nb8 53. Kg3 Na6
54. Kh4 Nc5 55. b4 Nd3 56. b5 Nxf4 57. b6 Ng6+ 58. Kg5 Ne5 59. b7 Nd7 60. Kh6
f4 61. Kxh7 f3 62. Bh4 Kxd6 63. Kg6 Kc7 64. Kf5 Kxb7 65. Ke4 f2 66. Bxf2
1/2-1/2

[Event "European Women Championship-2011"]
[Site "?"]
[Date "2011.05.07"]
[Round "1"]
[White "Foisor, Cristina-Adela"]
[Black "Ikonomopoulou, Maria"]
[Result "1-0"]
[WhiteElo "2414"]
[BlackElo "2121"]
[PlyCount "35"]
[EventDate "2011.05.07"]
[SourceDate "2011.05.07"]

1. Nf3 Nf6 2. g3 c5 3. c4 d5 4. Bg2 Nc6 5. O-O e5 6. cxd5 Nxd5 7. d3 Be7 8. Nc3
Nc7 9. b3 O-O 10. Bb2 Bg4 11. Rc1 f6 12. Ne4 b6 13. Ba3 Qd7 14. Qc2 Rac8 15. e3
Rfd8 16. Rfd1 Bd6 17. Rd2 Kh8 18. Qb1 1-0

[Event "European Women Championship-2011"]
[Site "?"]
[Date "2011.05.07"]
[Round "1"]
[White "Novkovic, Julia"]
[Black "Paikidze, Nazi"]
[Result "0-1"]
[WhiteElo "2120"]
[BlackElo "2408"]
[PlyCount "86"]
[EventDate "2011.05.07"]
[SourceDate "2011.05.07"]

1. e4 c5 2. Nf3 d6 3. d4 cxd4 4. Nxd4 Nf6 5. Nc3 a6 6. Be3 e5 7. Nb3 Be6 8. f3
Nbd7 9. Qd2 b5 10. Qf2 Rc8 11. O-O-O Qc7 12. h4 h5 13. Kb1 Be7 14. g3 b4 15.
Nd5 Nxd5 16. exd5 Bf5 17. Bd3 Bxd3 18. Rxd3 a5 19. Rc1 a4 20. Nd2 Qb7 21. f4
O-O 22. Qf3 f5 23. Qxh5 e4 24. Rd4 a3 25. b3 Rc3 26. Nc4 Nb6 27. Nxb6 Rxe3 28.
Rxb4 Rxg3 29. c3 Bd8 30. Nc4 Qxd5 31. Rd1 Rd3 32. Ne3 Qc5 33. Rxd3 exd3 34. Nd1
Qc6 35. Rd4 d2 36. Qe2 Re8 37. Qxd2 Bxh4 38. Rxd6 Qe4+ 39. Kc1 Bg3 40. Rd4 Qf3
41. Rc4 Re1 42. Qd6 Bxf4+ 43. Rxf4 Qxc3+ 0-1

[Event "European Women Championship-2011"]
[Site "?"]
[Date "2011.05.07"]
[Round "1"]
[White "Motycakova, Monika"]
[Black "Zawadzka, Jolanta"]
[Result "1/2-1/2"]
[WhiteElo "2107"]
[BlackElo "2400"]
[PlyCount "121"]
[EventDate "2011.05.07"]
[SourceDate "2011.05.07"]

1. e4 e5 2. Nf3 Nc6 3. Bb5 Nd4 4. Bc4 Nxf3+ 5. Qxf3 Nf6 6. d3 Bc5 7. Bg5 h6 8.
Bxf6 Qxf6 9. Qxf6 gxf6 10. Nc3 c6 11. O-O b5 12. Bb3 d6 13. Ne2 Ke7 14. c3 Bb6
15. d4 Rg8 16. Rad1 h5 17. Kh1 h4 18. Ng1 Rg7 19. f4 a5 20. a4 Ba6 21. axb5
Bxb5 22. Rf2 Ba6 23. Nf3 Rh8 24. h3 Rh5 25. Nh2 Bc8 26. f5 Rg3 27. Rf3 Ba6 28.
Rd2 Rg8 29. Ng4 Rb8 30. Ba4 Bb7 31. dxe5 fxe5 32. Rfd3 Rd8 33. Kh2 Bc7 34. c4
f6 35. Ne3 Rg5 36. Ng4 Rgg8 37. Rc2 Rb8 38. Rcd2 Rgd8 39. g3 d5 40. cxd5 cxd5
41. exd5 hxg3+ 42. Kg2 Rd6 43. Ne3 Bb6 44. Nc4 Rxd5 45. Rxd5 Bd4 46. Kxg3 Bxd5
47. b3 Rg8+ 48. Kh4 Be4 49. Nxa5 Rg5 50. Nc6+ Bxc6 51. Bxc6 Be3 52. Rg2 Rxf5
53. Kg3 Rf1 54. b4 f5 55. Re2 f4+ 56. Kg4 Kf6 57. b5 Rb1 58. h4 Rd1 59. Rb2 Bb6
60. Ra2 Rg1+ 61. Rg2 1/2-1/2

[Event "European Women Championship-2011"]
[Site "?"]
[Date "2011.05.07"]
[Round "1"]
[White "Batsiashvili, Nino"]
[Black "Fataliyeva, Ulviyya"]
[Result "1-0"]
[WhiteElo "2399"]
[BlackElo "2105"]
[PlyCount "43"]
[EventDate "2011.05.07"]
[SourceDate "2011.05.07"]

1. d4 e6 2. Nf3 f5 3. Bf4 Nf6 4. e3 b6 5. h3 Bb7 6. Bd3 Be7 7. Nbd2 O-O 8. c3
Ne4 9. Rg1 c5 10. Qe2 d5 11. g4 Nc6 12. gxf5 exf5 13. O-O-O b5 14. Bxb5 Qa5 15.
Nxe4 dxe4 16. Ne5 Nxe5 17. Bxe5 Rf7 18. Bd7 Ba6 19. Be6 Bxe2 20. Rxg7+ Kf8 21.
Rxf7+ Ke8 22. Rg1 1-0

[Event "European Women Championship-2011"]
[Site "?"]
[Date "2011.05.07"]
[Round "1"]
[White "Melashvili, Nino"]
[Black "Shadrina, Tatiana"]
[Result "1-0"]
[WhiteElo "2104"]
[BlackElo "2397"]
[PlyCount "71"]
[EventDate "2011.05.07"]
[SourceDate "2011.05.07"]

1. c4 c5 2. Nc3 Nf6 3. g3 d5 4. cxd5 Nxd5 5. Bg2 Nxc3 6. bxc3 Nc6 7. Rb1 e5 8.
Qa4 Qd7 9. Nf3 Be7 10. O-O O-O 11. Rd1 Rd8 12. Ba3 Qe6 13. Ne1 f5 14. Nd3 e4
15. Nxc5 Qxa2 16. Rb2 Qd5 17. c4 Qe5 18. Nxb7 Bxb7 19. Rxb7 Bxa3 20. Qxc6 Rac8
21. Qa6 Bc5 22. e3 Bb6 23. d4 exd3 24. Bd5+ Kh8 25. Rxd3 Rc5 26. Rf7 Ra5 27.
Qb7 Ra1+ 28. Kg2 h6 29. Qc6 Qb2 30. Qg6 Ba5 31. Rxf5 Qb1 32. Rh5 Qh1+ 33. Kh3
Qf1+ 34. Kg4 Qe2+ 35. f3 Rxd5 36. Rhxd5 1-0

[Event "European Women Championship-2011"]
[Site "?"]
[Date "2011.05.07"]
[Round "1"]
[White "Girya, Olga"]
[Black "Goryachkina, Aleksandra"]
[Result "0-1"]
[WhiteElo "2394"]
[BlackElo "2103"]
[PlyCount "52"]
[EventDate "2011.05.07"]
[SourceDate "2011.05.07"]

1. d4 d5 2. c4 c6 3. Nf3 Nf6 4. Nc3 dxc4 5. a4 Bf5 6. e3 e6 7. Bxc4 Bb4 8. O-O
Nbd7 9. Qe2 Bg6 10. Rd1 Qc7 11. Bd2 O-O 12. Rac1 a5 13. h3 Rad8 14. Be1 h6 15.
Bd3 Bxd3 16. Rxd3 e5 17. dxe5 Nxe5 18. Nxe5 Qxe5 19. Rcd1 Qe7 20. Qc2 Rd7 21.
Rxd7 Nxd7 22. Ne2 Bxe1 23. Rxe1 Qe5 24. Rc1 Qg5 25. Nd4 Rd8 26. b3 Nf6 0-1

[Event "European Women Championship-2011"]
[Site "?"]
[Date "2011.05.07"]
[Round "1"]
[White "Milliet, Sophie"]
[Black "Lauterbach, Ingrid"]
[Result "1-0"]
[WhiteElo "2388"]
[BlackElo "2100"]
[PlyCount "73"]
[EventDate "2011.05.07"]
[SourceDate "2011.05.07"]

1. e4 e5 2. Nf3 Nc6 3. Bc4 Nf6 4. d3 Be7 5. O-O O-O 6. a4 d6 7. a5 a6 8. h3 Be6
9. Re1 h6 10. Nbd2 Nh7 11. c3 Ng5 12. Qb3 Qd7 13. Nxg5 Bxg5 14. Nf1 Bxc1 15.
Rexc1 Bxc4 16. Qxc4 Qe6 17. Ne3 Qxc4 18. dxc4 Nd8 19. Nd5 Ne6 20. Rd1 g6 21. b4
Kg7 22. Rd2 Rfd8 23. Rad1 Kf8 24. f3 h5 25. h4 Rab8 26. g3 Kg7 27. c5 c6 28.
Nb6 dxc5 29. Nd7 cxb4 30. Nxb8 Rxd2 31. Rxd2 bxc3 32. Rd3 Nd4 33. Kf2 c2 34.
Rc3 Nb3 35. Rxc2 Nxa5 36. Nd7 f6 37. Nc5 1-0

[Event "European Women Championship-2011"]
[Site "?"]
[Date "2011.05.07"]
[Round "1"]
[White "Galojan, Lilit"]
[Black "Khalafova, Narmin"]
[Result "1-0"]
[WhiteElo "2377"]
[BlackElo "2065"]
[PlyCount "89"]
[EventDate "2011.05.07"]
[SourceDate "2011.05.07"]

1. d4 g6 2. c4 Bg7 3. Nf3 d6 4. g3 Nd7 5. Bg2 e5 6. O-O exd4 7. Nxd4 Ne7 8. Nc3
O-O 9. Bf4 Ne5 10. Rc1 Nxc4 11. Ncb5 a6 12. Rxc4 axb5 13. Nxb5 Nc6 14. Nc3 Na5
15. Ra4 Bd7 16. Ra3 Re8 17. Qc1 Nc6 18. Rxa8 Qxa8 19. Bh6 Bh8 20. Rd1 Qa5 21.
Rd5 Qa8 22. Rd2 Bg4 23. h3 Bf5 24. Nd5 Qd8 25. b4 Qd7 26. Kh2 Nd4 27. Qxc7 Qxc7
28. Nxc7 Rxe2 29. Rxe2 Nxe2 30. Bxb7 Bc3 31. Nd5 Be1 32. Kg2 Nd4 33. Kf1 Nc2
34. Ne7+ Kh8 35. Nxf5 gxf5 36. b5 Ba5 37. a4 Nd4 38. Be3 Nc2 39. Ba7 Kg7 40.
Bc8 Nb4 41. Bxf5 Nd5 42. Bd4+ Kg8 43. Bc2 h6 44. Ke2 Kf8 45. f3 1-0

[Event "European Women Championship-2011"]
[Site "?"]
[Date "2011.05.07"]
[Round "1"]
[White "Charkhalashvili, Inga"]
[Black "Kharatian, Anahit"]
[Result "1/2-1/2"]
[WhiteElo "2373"]
[BlackElo "2064"]
[PlyCount "103"]
[EventDate "2011.05.07"]
[SourceDate "2011.05.07"]

1. d4 g6 2. c4 Bg7 3. Nc3 d6 4. e4 Nd7 5. Be3 e5 6. Be2 Ne7 7. f4 O-O 8. Nf3 f5
9. Ng5 Nf6 10. fxe5 dxe5 11. dxe5 Nxe4 12. Qxd8 Rxd8 13. Ngxe4 fxe4 14. Bg5 Re8
15. Bf6 Nf5 16. Nxe4 Nd4 17. Bd3 Nc6 18. O-O Nxe5 19. Bxe5 Rxe5 20. Nf6+ Kh8
21. Nd5 c6 22. Nf4 Re8 23. Rab1 Bd7 24. b3 Re3 25. Rbd1 Bg4 26. Rde1 Bd4 27.
Kh1 Rae8 28. Rxe3 Rxe3 29. h3 Bd7 30. Rd1 c5 31. Nd5 Re8 32. Rf1 Kg7 33. Kh2
Bc6 34. Rf3 Re5 35. Rf1 Bxd5 36. cxd5 Rxd5 37. Bc4 Be5+ 38. Kg1 Rd7 39. Rf3 Bf6
40. Bd3 Re7 41. Kf1 Re8 42. Be2 Rb8 43. a4 a6 44. Re3 b5 45. axb5 axb5 46. Bd3
Kf7 47. Ke2 Rb7 48. Kf3 Bd4 49. Re2 Kf6 50. h4 Be5 51. Ra2 Bc3 52. Rc2 1/2-1/2